| LEADER | 00954nam a2200253 a 4500 | ||
|---|---|---|---|
| 001 | GR-MES1225 | ||
| 008 | 991111s1976 gr 000 0 gre d | ||
| 040 | |a GrPaTEI |b gre |c GR-PaULI | ||
| 245 | 0 | 0 | |a Ιστορία του Μαρξισμού = |b Historija marksizma. |
| 260 | |a Αθήνα : |b Οδυσσέας, |c 1976 | ||
| 300 | |a 494σελ. | ||
| 500 | |a βιβλιογραφία:σελ(483-485) | ||
| 650 | 4 | |a ΓΕΡΜΑΝΙΑ | |
| 650 | 4 | |a Ιστορία | |
| 650 | 4 | |a ΛΕΝΙΝ | |
| 650 | 4 | |a Μαρξισμός | |
| 650 | 4 | |a ΡΩΣΣΙΑ | |
| 700 | 1 | |a Βρανίτσκι, Πρεντραγκ | |
| 700 | 1 | |a Ζορμπά, Μυρσίνη | |
| 710 | 0 | |a Οδυσσέας | |
| 942 | |2 ddc | ||
| 952 | |0 0 |1 0 |2 ddc |4 0 |6 335_420000000000000_ΒΡΑ |7 0 |9 265212 |a MSLG |b MSLG |c BSC |d 2021-01-17 |e 24 |f 0 |g 0.00 |l 0 |o 335.42 ΒΡΑ |p 2420000001376 |r 2021-01-17 00:00:00 |t 1 |w 2021-01-17 |y BK15 |x 19991111 0 1 |x GrPaTEI | ||
| 971 | |a .b25722670 |b 16-04-20 |c 13-09-16 | ||
| 999 | |c 152489 |d 152489 | ||